Czym może różnić się dwoje ludzi? - Statystyki

Ogólne statystyki
  • Ten quiz został rozwiązany 9 razy
  • Średni wynik to 3 z 7
Statystyki odpowiedzi
Hint Odpowiedź % Poprawnych
4. Charakterem
88%
5. Wyglądem
75%
3. Wiekiem
50%
1. Wzrostem
50%
7. Kolorem Oczu
25%
6. Kolorem włosów
25%
2. Wagą
25%
Nie znaleziono quizów pasujących do podanych kryteriów
Rozkład punktacji
Procent ludzi z każdym wynikiem
Percentyl według liczby udzielonych odpowiedzi
Twoja historia wyników
Nie rozwiązałeś tego quizu